00000000cam 2200000zi 4500
0019.963129
003CaOODSP
00520260601171331
006m     o  d f      
007cr |n|||||||||
008260527t20152015oncabdo ob   f000 0 eng d
040 |aCaOODSP|beng|erda|cCaOODSP
043 |an-cn-mb
0861 |aM183-2/7863E-PDF
24500|aTargeted Geoscience Initiative 4 : |ba synthesis of the methodology project at the Lalor VMS deposit, Manitoba / |cG. Bellefleur, E. Schetselaar, and J.A. Craven (ed.).
264 1|a[Ottawa] : |bGeological Survey of Canada, |c2015.
264 4|c©2015
300 |a1 online resource (47 pages) : |bmaps, figures, charts.
336 |atext|btxt|2rdacontent
337 |acomputer|bc|2rdamedia
338 |aonline resource|bcr|2rdacarrier
4901 |aOpen file ; |v7863
504 |aIncludes bibliographical references.
650 0|aGeological surveys|zManitoba.
650 0|aMines and mineral resources|zManitoba.
650 0|aOre deposits|zManitoba.
650 6|aÉtudes géologiques|zManitoba.
650 6|aRessources minérales|zManitoba.
650 6|aGîtes minéraux|zManitoba.
7001 |aBellefleur, G. |q(Gilles),|d1965- |eeditor.
7102 |aGeological Survey of Canada, |eissuing body.
830#0|aOpen file (Geological Survey of Canada)|v7863.|w(CaOODSP)9.506878
85640|qPDF|s31.6 MB|uhttps://publications.gc.ca/collections/collection_2026/rncan-nrcan/m183-2/M183-2-7863-eng.pdf